000 00618cab a22001935a 4500
001 L147295
008 090427e20090424xxk f 000 0 eng d
035 _a(Sirsi) u147295
041 0 _aeng
100 1 _aLever, Jon
245 0 0 _aAPC advice
260 _c2009
490 0 _aProperty Week
_v75(17) 24 April 2009, 44(1)
520 _aDiscusses the 21 month supervisor and councillor review. Focuses on the supervisor and counsellor preparation.
590 _aKA
651 4 _aUnited Kingdom
_y
690 _aCAREERS, EDUCATION AND TRAINING-QUALIFICATION ROUTES-ASSESSMENT OF PROFESSIONAL COMPETENCE
942 _n0
999 _c81471
_d81471